Research into networks and distributed applications : Konf. European teleinformatics conference EUTECO'88 on.., Vienna, Austria, 20.- 22. April 1988 /
Saved in:
| Other Authors: | |
|---|---|
| Format: | Book |
| Language: | English |
| Published: |
Amsterdam :
Elsevier,
1988
|
| Edition: | 1.vyd. |
| Tags: |
No Tags, Be the first to tag this record!
|
MARC
| LEADER | 00000nam a22000003a 4500 | ||
|---|---|---|---|
| 001 | stu3582 | ||
| 005 | 20150617225616.0 | ||
| 008 | 930416s1988----ne------------------eng-d | ||
| 020 | |a 0-444-70428-0 | ||
| 040 | |a STU |b slo | ||
| 041 | 0 | |a eng | |
| 044 | |a ne | ||
| 080 | |a 681.324.013 | ||
| 080 | |a 681.327.8 | ||
| 080 | |a 621.397.48 | ||
| 080 | |a 061.3(08) | ||
| 100 | 1 | |a Speth, R |4 com | |
| 245 | 1 | |a Research into networks and distributed applications : |b Konf. European teleinformatics conference EUTECO'88 on.., Vienna, Austria, 20.- 22. April 1988 / |c Edit.: Speth,R | |
| 250 | |a 1.vyd. | ||
| 260 | |a Amsterdam : |b Elsevier, |c 1988 | ||
| 300 | |a 123 s | ||
| 996 | |b I4026 |c I*4026 |l II680 |s A |a 24 |w stu3582_0001 | ||
| 996 | |b I4931 |c I*4931 |l II680 |s A |a 24 |w stu3582_0002 | ||